<?xml version="1.0" encoding="UTF-8"?>
<record
    xmlns:xsi="http://www.w3.org/2001/XMLSchema-instance"
    xsi:schemaLocation="http://www.loc.gov/MARC21/slim http://www.loc.gov/standards/marcxml/schema/MARC21slim.xsd"
    xmlns="http://www.loc.gov/MARC21/slim">

  <leader>00622nam a2200193   4500</leader>
  <controlfield tag="001">113607</controlfield>
  <controlfield tag="003">DR-UNIBE</controlfield>
  <controlfield tag="005">20250512145539.0</controlfield>
  <controlfield tag="008">250512b        pr ||||| |||| 00| 0 spa d</controlfield>
  <datafield tag="040" ind1=" " ind2=" ">
    <subfield code="a">BIBLIOTECA UNIBE</subfield>
    <subfield code="b">spa</subfield>
    <subfield code="c">BIBLIOTECA UNIBE</subfield>
    <subfield code="e">rda</subfield>
  </datafield>
  <datafield tag="041" ind1=" " ind2=" ">
    <subfield code="a">spa</subfield>
  </datafield>
  <datafield tag="082" ind1=" " ind2=" ">
    <subfield code="a">F 5695</subfield>
  </datafield>
  <datafield tag="110" ind1="1" ind2="0">
    <subfield code="a">Puerto Rico. Tribunal General de Justicia</subfield>
    <subfield code="9">195218</subfield>
    <subfield code="e">autor</subfield>
  </datafield>
  <datafield tag="245" ind1="1" ind2="3">
    <subfield code="a">El sistema de tribunales en Puerto Rico /</subfield>
  </datafield>
  <datafield tag="260" ind1=" " ind2=" ">
    <subfield code="a">San Juan :</subfield>
    <subfield code="b">[Editor no identificado],      </subfield>
    <subfield code="c">[Fecha no identificada]</subfield>
  </datafield>
  <datafield tag="300" ind1=" " ind2=" ">
    <subfield code="a">32 p&#xE1;ginas :</subfield>
    <subfield code="b">mapas ;</subfield>
    <subfield code="c">21 x 14 cm</subfield>
  </datafield>
  <datafield tag="651" ind1=" " ind2="7">
    <subfield code="a">Puerto Rico</subfield>
    <subfield code="x">Tribunales</subfield>
    <subfield code="9">195267</subfield>
  </datafield>
  <datafield tag="942" ind1=" " ind2=" ">
    <subfield code="2">ddc</subfield>
    <subfield code="c">MX</subfield>
  </datafield>
  <datafield tag="999" ind1=" " ind2=" ">
    <subfield code="c">113607</subfield>
    <subfield code="d">113607</subfield>
  </datafield>
  <datafield tag="952" ind1=" " ind2=" ">
    <subfield code="0">0</subfield>
    <subfield code="1">0</subfield>
    <subfield code="2">ddc</subfield>
    <subfield code="4">0</subfield>
    <subfield code="7">0</subfield>
    <subfield code="8">FOL</subfield>
    <subfield code="a">Principal</subfield>
    <subfield code="d">2025-05-12</subfield>
    <subfield code="l">0</subfield>
    <subfield code="o">F 5695</subfield>
    <subfield code="p">F250077</subfield>
    <subfield code="r">2025-05-12 14:54:12</subfield>
    <subfield code="t">Ej.1</subfield>
    <subfield code="w">2025-05-12</subfield>
    <subfield code="y">MX</subfield>
  </datafield>
  <datafield tag="952" ind1=" " ind2=" ">
    <subfield code="0">0</subfield>
    <subfield code="1">0</subfield>
    <subfield code="2">ddc</subfield>
    <subfield code="4">0</subfield>
    <subfield code="7">0</subfield>
    <subfield code="8">FOL</subfield>
    <subfield code="a">Principal</subfield>
    <subfield code="d">2025-05-12</subfield>
    <subfield code="l">0</subfield>
    <subfield code="o">F 5695</subfield>
    <subfield code="p">F250078</subfield>
    <subfield code="r">2025-05-12 14:54:12</subfield>
    <subfield code="t">Ej.2</subfield>
    <subfield code="w">2025-05-12</subfield>
    <subfield code="y">MX</subfield>
  </datafield>
</record>
